Normal view
MARC view
- Jammu and Kashmir (India)
Entry Geographic Name
001 - CONTROL NUMBER
- control field: 5527
003 - CONTROL NUMBER IDENTIFIER
- control field: NUST
005 - DATE AND TIME OF LATEST TRANSACTION
- control field: 20171019104040.0
008 - FIXED-LENGTH DATA ELEMENTS
- fixed length control field: 171019|| aca||aabn | a|a d
040 ## - CATALOGING SOURCE
- Original cataloging agency: NUST
- Transcribing agency: NUST
151 ## - HEADING--GEOGRAPHIC NAME
- Geographic name: Jammu and Kashmir (India)
- General subdivision: History.
670 ## - SOURCE DATA FOUND
- Source citation: Work cat.: (NUST)0: Lamb, Alastair, 1930- 5526, Incomplete partition :, 2002.
